3D Auto CAD (Record no. 9433)
[ view plain ]
| 000 -LEADER | |
|---|---|
| fixed length control field | 00224nam a22001217a 4500 |
| 040 ## - CATALOGING SOURCE | |
| Transcribing agency | HS |
| 082 ## - DEWEY DECIMAL CLASSIFICATION NUMBER | |
| Classification number | 604 |
| 100 ## - MAIN ENTRY--AUTHOR NAME | |
| Personal name | MEAS SARITH |
| 245 ## - TITLE STATEMENT | |
| Title | 3D Auto CAD |
| 260 ## - PUBLICATION, DISTRIBUTION, ETC. (IMPRINT) | |
| Place of publication | NA |
| Name of publisher | MEAS SARITH |
| Year of publication | NA |
| 300 ## - PHYSICAL DESCRIPTION | |
| Number of Pages | 47p; |
| 942 ## - ADDED ENTRY ELEMENTS (KOHA) | |
| Koha item type | សៀវភៅភាសាខ្មែរ |
| 952 ## - LOCATION AND ITEM INFORMATION (KOHA) | |
| Withdrawn status [LOCAL, KOHA] | 0 |
| Permanent Location | Date acquired | Koha item type | Lost status | Shelving location | Barcode | Current Location | Full call number |
|---|---|---|---|---|---|---|---|
| Library Block C | 2016-09-01 | សៀវភៅភាសាខ្មែរ | C257 | RUA047799 | Library Block C | 604 MEA NA C257 |